000 00737cam a2200265I 4500
001 4679298
003 ARRUPE
005 20150122161832.0
008 750702s1960 enk 000 0 eng d
035 _a(OCoLC)ocm01425527
035 _a(NNC)4679298
040 _aORL
_cORL
050 _aBX597.Z9 O732
098 _aXT
100 _aFrench, Reginald Michael (tr.)
_914447
245 0 4 _aThe Way of a pilgrim;
_cMichael Reginald French
250 _aRevided edition
260 _aLondon,
_bS.P.C.K.,
_c1954
300 _axv, 242 p.
_c19cm.
650 0 _aJesus prayer
_95487
650 0 _aSpiritual life
_xOrthodox Eastern Church
_914448
740 4 0 _aThe pilgrim continues his way.
942 _2lcc
_cMONOGRAPH
999 _c121839
_d121839